Công nghệ sinh học Journal of biotechnology

Shranjeno v:
Bibliografske podrobnosti
Format: Knjiga
Jezik:Undetermined
Izdano: Hà Nội Viện Khoa học và công nghệ Việt Nam 2018
Teme:
Oznake: Označite
Brez oznak, prvi označite!
Thư viện lưu trữ: Trung tâm Học liệu Trường Đại học Cần Thơ
LEADER 00599nam a2200193Ia 4500
001 CTU_235234
008 210402s9999 xx 000 0 und d
020 |c 0 
082 |a 660 
082 |b C455 
245 0 |a Công nghệ sinh học 
245 0 |b Journal of biotechnology 
245 0 |c Viện Khoa học và công nghệ Việt Nam 
260 |a Hà Nội 
260 |b Viện Khoa học và công nghệ Việt Nam 
260 |c 2018 
650 |a Biotechnology,Công nghệ sinh học 
904 |i T.Trang 
980 |a Trung tâm Học liệu Trường Đại học Cần Thơ